000 00461nam a22001937a 4500
003 MPLRDC
005 20220104154055.0
008 210129b ||||| |||| 00| 0 eng d
020 _a962-451-050-4
082 _a857.63 QY v.15 c.4
100 _a琼瑶
245 _a星河
_c
250 _a初版
260 _a
_b皇冠出版社
_c1992
300 _b
490 _a琼瑶全集. 15
650 _a短篇小说--别集
942 _cBK
_o857.63 QY v.15 c.4
999 _c53784
_d53774